[Event "Lueneburg IM"]
[Site "Lueneburg"]
[Date "2017.07.13"]
[Round "6"]
[White "Genov, Petar"]
[Black "Oussedik, Mahfoud"]
[Result "1/2-1/2"]
[WhiteElo "2458"]
[BlackElo "2366"]
[PlyCount "45"]
[EventDate "2017.07.08"]
[EventType "tourn"]
[EventRounds "9"]
[EventCountry "GER"]
[EventCategory "2"]
[SourceTitle "CBM 179 Extra"]
[Source "ChessBase"]
[SourceDate "2017.08.23"]
[SourceVersion "1"]
[SourceVersionDate "2017.08.23"]
[SourceQuality "1"]

1. d4 Nf6 2. c4 e6 3. Nf3 b6 4. g3 Bb7 5. Bg2 d6 6. 0-0 Nbd7 7. Nc3 Ne4 8. Qc2 Nxc3 9. Qxc3 Be7 10. b3 0-0 11. Bb2 Bf6 12. Qc2 g6 13. e4 e5 14. Rad1 Qe7 15. Rfe1 Rad8 16. d5 a5 17. a3 c5 18. Nd2 Bc8 19. Bc3 Bg7 20. b4 cxb4 21. axb4 axb4 22. Bxb4 f5 23. exf5 1/2-1/2

[Event "Lueneburg IM"]
[Site "Lueneburg"]
[Date "2017.07.10"]
[Round "3"]
[White "Lubbe, Melanie"]
[Black "Oussedik, Mahfoud"]
[Result "1-0"]
[WhiteElo "2275"]
[BlackElo "2366"]
[PlyCount "61"]
[EventDate "2017.07.08"]
[EventType "tourn"]
[EventRounds "9"]
[EventCountry "GER"]
[EventCategory "2"]
[SourceTitle "CBM 179 Extra"]
[Source "ChessBase"]
[SourceDate "2017.08.23"]
[SourceVersion "1"]
[SourceVersionDate "2017.08.23"]
[SourceQuality "1"]

1. e4 c5 2. f4 g6 3. Nf3 Bg7 4. Nc3 Nc6 5. Bb5 Nd4 6. Nxd4 cxd4 7. Ne2 Qb6 8. a4 e6 9. d3 Ne7 10. 0-0 0-0 11. Bc4 d5 12. exd5 exd5 13. Bb3 Re8 14. Ng3 h5 15. h3 h4 16. Nh1 Nf5 17. Qf3 Be6 18. Re1 Bh6 19. Nf2 Qb4 20. Rd1 Ne3 21. Bxe3 dxe3 22. Qxe3 Qxf4 23. Qxf4 Bxf4 24. Ng4 Kg7 25. Rf1 g5 26. Rae1 Rad8 27. d4 Bf5 28. Rxe8 Rxe8 29. Bxd5 Bxc2 30. Bxb7 f5 31. Nf2 1-0

[Event "Arab-ch"]
[Site "Khartoum"]
[Date "2016.11.05"]
[Round "8"]
[White "Nezad, Husein Aziz"]
[Black "Oussedik, Mahfoud"]
[Result "0-1"]
[WhiteElo "2431"]
[BlackElo "2291"]
[PlyCount "61"]
[EventDate "2016.10.31"]
[EventType "tourn"]
[EventRounds "9"]
[EventCountry "SUD"]
[SourceTitle "CBM 175 Extra"]
[Source "ChessBase"]
[SourceDate "2016.12.12"]
[SourceVersion "1"]
[SourceVersionDate "2016.12.12"]
[SourceQuality "1"]

1. d4 Nf6 2. c4 e6 3. Nf3 b6 4. g3 Bb7 5. Bg2 Be7 6. Nc3 Ne4 7. Bd2 0-0 8. d5 Nxd2 9. Qxd2 Bb4 10. Rc1 Qf6 11. 0-0 e5 12. a3 Bxc3 13. Qxc3 d6 14. b4 Qe7 15. Nd2 c5 16. bxc5 bxc5 17. Rb1 Qc7 18. Nb3 Nd7 19. Na5 Ba6 20. Nc6 Nb6 21. Be4 f5 22. Bc2 Bb7 23. Na5 Bc8 24. f4 e4 25. g4 Bd7 26. Kh1 Rab8 27. g5 Ba4 28. Rfc1 Bxc2 29. Qxc2 Nd7 30. Rxb8 Rxb8 31. Qd2 0-1

[Event "ALG Cup"]
[Site "Blida et Alger"]
[Date "2016.10.21"]
[Round "11.2"]
[White "Oussedik, Mahfoud"]
[Black "Seddaoui, Yamine"]
[Result "1-0"]
[WhiteElo "2291"]
[BlackElo "2211"]
[PlyCount "85"]
[EventDate "2016.10.12"]
[EventType "k.o."]
[EventRounds "14"]
[EventCountry "ALG"]
[SourceTitle "EXT 2024"]
[Source "ChessBase"]
[SourceDate "2023.10.10"]
[SourceVersion "1"]
[SourceVersionDate "2023.10.10"]
[SourceQuality "1"]

1. d4 Nf6 2. c4 e6 3. g3 d5 4. Bg2 c6 5. Nf3 b6 6. Qc2 Ba6 7. Nbd2 Be7 8. 0-0 0-0 9. b3 Nbd7 10. e4 dxe4 11. Nxe4 Rc8 12. Rd1 Bb7 13. Bf4 Nxe4 14. Qxe4 Nf6 15. Qe2 Bd6 16. Ne5 Qe7 17. Bg5 h6 18. Bxf6 gxf6 19. Qg4+ Kh7 20. Nd3 f5 21. Qe2 Rfd8 22. Qe3 Qf6 23. Rd2 Bb8 24. Nf4 Rd7 25. Rad1 Rcd8 26. Nh5 Qg6 27. Nf4 Qf6 28. Ne2 Qg5 29. f4 Qg7 30. Kf2 Bd6 31. Ng1 Bb4 32. Rd3 c5 33. Bxb7 Rxb7 34. d5 Rbd7 35. Nf3 exd5 36. Rxd5 Rxd5 37. Rxd5 Rxd5 38. cxd5 c4 39. Qe5 cxb3 40. axb3 Qg6 41. Nh4 Bc5+ 42. Kg2 a5 43. Nxg6 1-0

[Event "ALG Cup"]
[Site "Blida et Alger"]
[Date "2016.10.14"]
[Round "6.4"]
[White "Oussedik, Mahfoud"]
[Black "Araoun, Saadi"]
[Result "1-0"]
[WhiteElo "2291"]
[BlackElo "1862"]
[PlyCount "65"]
[EventDate "2016.10.12"]
[EventType "k.o."]
[EventRounds "14"]
[EventCountry "ALG"]
[SourceTitle "EXT 2024"]
[Source "ChessBase"]
[SourceDate "2023.10.10"]
[SourceVersion "1"]
[SourceVersionDate "2023.10.10"]
[SourceQuality "1"]

1. c4 e5 2. Nc3 Nc6 3. g3 g6 4. Bg2 Bg7 5. d3 d6 6. e3 f5 7. Nge2 Nf6 8. Rb1 0-0 9. b4 a6 10. 0-0 Ne7 11. Bb2 g5 12. f4 h6 13. Nd5 c6 14. Nxf6+ Bxf6 15. a4 Be6 16. a5 gxf4 17. gxf4 Ng6 18. h3 Nh4 19. Bh1 e4 20. Nd4 Bf7 21. dxe4 Bxc4 22. Rf2 fxe4 23. Qh5 Rf7 24. Kh2 Qe7 25. Rg1+ Kh8 26. Nxc6 Qf8 27. Nd4 Re8 28. Rg4 Nf3+ 29. Bxf3 exf3 30. Rg6 Kh7 31. Nf5 Bg5 32. fxg5 Re6 33. Rxe6 1-0

[Event "Olympiad-42"]
[Site "Baku"]
[Date "2016.09.13"]
[Round "11.2"]
[White "Barros Rivadeneira, Cristhian"]
[Black "Oussedik, Mahfoud"]
[Result "1-0"]
[WhiteElo "2351"]
[BlackElo "2280"]
[PlyCount "107"]
[EventDate "2016.09.02"]
[EventType "team-swiss"]
[EventRounds "11"]
[EventCountry "AZE"]
[SourceTitle "CBM 175"]
[Source "ChessBase"]
[SourceDate "2016.11.10"]
[SourceVersion "1"]
[SourceVersionDate "2016.11.10"]
[SourceQuality "1"]
[WhiteTeam "Ecuador"]
[BlackTeam "Algeria"]
[WhiteTeamCountry "ECU"]
[BlackTeamCountry "ALG"]

1. d4 Nf6 2. Nf3 e6 3. g3 b6 4. Bg2 Bb7 5. 0-0 d6 6. c4 Nbd7 7. Nc3 Be7 8. Qc2 0-0 9. e4 h6 10. b3 Qc8 11. Bb2 a6 12. Rfe1 c5 13. e5 Ne8 14. exd6 Bxd6 15. d5 exd5 16. Nxd5 Bxd5 17. cxd5 Nef6 18. Nh4 Qc7 19. Nf5 Rfe8 20. Qc4 b5 21. Qh4 Rxe1+ 22. Rxe1 Re8 23. Rxe8+ Nxe8 24. Qg4 Be5 25. d6 Qd8 26. Nxh6+ Kf8 27. Nxf7 Kxf7 28. Qf5+ Bf6 29. Bd5+ Kf8 30. Qe6 Nxd6 31. Qxd6+ Qe7 32. Qf4 Ke8 33. Bxf6 Qxf6 34. Qc7 Qe5 35. Qc8+ Ke7 36. Bc6 Nf6 37. Qb7+ Kd6 38. Qxa6 b4 39. Bb5+ Ke7 40. Qb7+ Kf8 41. Bc4 Qe1+ 42. Kg2 Qe4+ 43. Qxe4 Nxe4 44. Kf3 Nc3 45. h4 Ke7 46. g4 Nxa2 47. h5 Nc3 48. g5 Nd1 49. Ke4 Nxf2+ 50. Kf5 Nd1 51. h6 Ne3+ 52. Kf4 gxh6 53. gxh6 Ng2+ 54. Ke4 1-0